|
|
|
|
| LEADER |
01187nam a2200325 a 4500 |
| 001 |
000409313 |
| 003 |
CZ BrMZK |
| 005 |
20201103123313.0 |
| 007 |
ta |
| 008 |
990315s1999 xr e p 0 cze d |
| 015 |
|
|
|a cnb000654706
|
| 020 |
|
|
|a 80-7184-842-5
|
| 035 |
|
|
|a (OCoLC)37961760
|
| 040 |
|
|
|a BOA001
|b cze
|
| 072 |
|
7 |
|a 37
|x Výchova a vzdělávání
|2 Konspekt
|9 22
|
| 072 |
|
7 |
|a 37.016
|x Učební osnovy. Vyučovací předměty. Učebnice
|2 Konspekt
|9 22
|
| 080 |
|
|
|a 37.01:796/799
|2 MRF
|
| 080 |
|
|
|a (075.8)
|2 MRF
|
| 100 |
1 |
|
|a Svoboda, Bohumil,
|d 1925-2007
|7 jk01121932
|4 aut
|
| 245 |
1 |
0 |
|a Stručná pedagogika sportu /
|c Bohumil Svoboda
|
| 250 |
|
|
|a 2. vyd.
|
| 260 |
|
|
|a Praha :
|b Karolinum,
|c 1999
|
| 300 |
|
|
|a 113 s. ;
|c 21 cm
|
| 500 |
|
|
|a Určeno jako učební text pro posl. Fak. tělesné vých. a sportu. - Bibliogr.
|
| 650 |
0 |
7 |
|a pedagogika sportu
|7 ph124018
|2 czenas
|
| 655 |
|
7 |
|a učebnice vysokých škol
|7 fd133772
|2 czenas
|
| 710 |
2 |
|
|a Univerzita Karlova.
|b Fakulta tělesné výchovy a sportu
|7 kn20010710337
|
| 910 |
|
|
|a BOA001
|b 2-1057.843
|
| 990 |
|
|
|a BK
|
| 996 |
6 |
|
|b 2610089799
|c 2-1057.843
|l MZK
|r Sklad / do 1 hodiny
|n 15
|p p.v.
|w 000409313
|u 000010
|a 1
|e BOA001
|j MZK50
|s P
|